| 000 | 00425nam a22001577a 4500 | ||
|---|---|---|---|
| 020 | _a9780521534291 | ||
| 082 | _a515.9 ABL | ||
| 100 | _aAblowitz, Mark J. | ||
| 245 | _aComplex variables : introduction and applications | ||
| 250 | _a2nd ed. | ||
| 260 |
_aNew York _bCambridge University Press _c2003 |
||
| 300 |
_axi, 647p. : _e23 cm |
||
| 650 | _aFunctions of complex variables | ||
| 700 | _aMark J.Ablowitz | ||
| 942 | _cBK | ||
| 999 |
_c11669 _d11669 |
||